| 000 | 00675nam a2200169 i 4500 | ||
|---|---|---|---|
| 001 | 185016 | ||
| 003 | ES-MaACL | ||
| 005 | 20251012183637.0 | ||
| 008 | 160307s1877 sp |||| | spa d | ||
| 245 | 0 | 0 |
_aAl público _b: la Comisión encargada de erigir un monumento cinerario a la memoria del ilustre patricio D. Manuel José Quintana en el acto de inaugurarlo. |
| 260 |
_aMadrid : _b[s.n., _c1877] ( _fImp. Fortanet) |
||
| 300 |
_a[4] p. ; _c26 cm. |
||
| 590 | 0 | _aEjemplar sin portada, tados tomados de principio y final del texto. | |
| 600 | 1 | 7 |
_aQuintana, Manuel José, _d1772-1857- _xMonumentos _2 _9158977 |
| 852 |
_aES-MaACL _jT-329-F-2 |
||
| 999 |
_c185016 _d185016 |
||